000 01126nam a2200289 i 4500
001 bg
003 KOSZ 005
005 20250701064106.0
008 s pl f |000 0 pol
020 _a839065461X
020 _a9267101889 (oryg.)
040 _cBPK
041 1 _apl
_hen
080 _a006.91
245 0 0 _aWyrażanie niepewności pomiaru :
_bprzewodnik /
_c[przygot. w Zakładzie Metrologii Ogólnej Głównego Urzędu Miar, zweryfik., zopatrzone w przp. i dod. do wyd. pol. przez Janusz M. Jaworskiego].
260 _a[Warszawa] :
_bGUM,
_ccop. 1999.
300 _aX, 191, [1] s. :
_bwykr. ;
_c28 cm.
504 _aBibliogr. s.[192].
505 _aZawiera dod.: Niedokładność, błąd, niepewność / Janusz M. Jaworski.
650 9 _aPomiary
_xbłędy
_xbadanie
700 1 _aJaworski, Janusz Marian
_d(1937- )
_eOprac.
710 0 _aGłówny Urząd Miar
_bZakład Metrologii Ogólnej
856 _uhttp://koha.tu.koszalin.pl/cgi-bin/koha/opac-detail.pl?biblionumber=36083
_yKatalog online BPK
920 _a83-906546-1-X
920 _a92-67-10188-9 (oryg.)
942 _cKS
_2UKD
999 _c36083
_d36083